| 000 | 00509nam a2200193Ia 4500 | ||
|---|---|---|---|
| 008 | 210417s9999 xx 000 0 und d | ||
| 020 | _a9781861975911 | ||
| 020 | _b1861975910 | ||
| 082 | _a658.155 SHI | ||
| 082 | _b22.658.155 SHI | ||
| 245 | 0 | _aDealing with financial risk | |
| 245 | 0 | _cDealing with financial risk | |
| 250 | _b"vii, 214 p. : ill. ; 23 cm. ; pbk." | ||
| 260 | _aLondon | ||
| 260 | _bEconomist Books | ||
| 260 | _c2010 | ||
| 700 | _a"Shirreff, David" | ||
| 700 | _bDavid Shirreff. | ||
| 999 |
_c464892 _d464892 |
||